MARC

LEADER 00000nam0a2200000 4500
001 92718
005 20231101213838.0
035 |a (RuTPU)RU\TPU\book\99323 
090 |a 92718 
100 |a 20060317d1973 km y0rusy50 ca 
101 0 |a rus 
102 |a RU 
105 |a y ef 000zy 
200 1 |a Энциклопедический словарь географических названий  |f гл. ред. С. В. Калесник 
210 |a Москва  |c Советская энциклопедия  |d 1973 
215 |a 808 с. 
606 1 |a География  |2 stltpush  |3 (RuTPU)RU\TPU\subj\5918  |9 33902 
610 1 |a энциклопедические словари 
610 1 |a естественные науки 
610 1 |a география 
610 1 |a географические названия 
610 1 |a термины 
610 1 |a страны мира 
610 1 |a СССР 
675 |a 91(03)  |v 3 
702 1 |a Калесник  |b С. В.  |4 651 
801 1 |a RU  |b 63413507  |c 20060317  |g PSBO 
801 2 |a RU  |b 63413507  |c 20191204  |g PSBO 
942 |c BK